Central Library OPAC University of Rajshahi

"ادعیۃ القرآن، ادعیۃ الرسول، و ادعیۃ الحج ;; 'adeiat alqurani, wa'adeiat alrasula, wa'adeiat alhaj / (Record no. 85096)

MARC details
000 -LEADER
fixed length control field 00534nam a2200181 4500
001 - CONTROL NUMBER
control field 85096
003 - CONTROL NUMBER IDENTIFIER
rucl marc code BD-RjUL
005 - DATE AND TIME OF LATEST TRANSACTION
control field 20250701122002.0
008 - FIXED-LENGTH DATA ELEMENTS--GENERAL INFORMATION
fixed length control field 250701b |||||||| |||| 00| 0 eng d
035 ## - SYSTEM CONTROL NUMBER
System control number (BD-RjUL)85096
040 ## - CATALOGING SOURCE
Original cataloging agency BD-RjUL
Language of cataloging eng
Transcribing agency BD-RjUL
041 ## - LANGUAGE CODE
Language code of text/sound track or separate title urd
082 ## - DEWEY DECIMAL CLASSIFICATION NUMBER
Edition number 23
Classification number 297.3823
Author mark and year SHA 194?
245 ## - TITLE STATEMENT
Title "ادعیۃ القرآن، ادعیۃ الرسول، و ادعیۃ الحج ;; 'adeiat alqurani, wa'adeiat alrasula, wa'adeiat alhaj /
300 ## - PHYSICAL DESCRIPTION
Pagination 144 p. ;
Size 17 cm
650 ## - SUBJECT ADDED ENTRY--TOPICAL TERM
Topical term or geographic name as entry element Islam
942 ## - ADDED ENTRY ELEMENTS (KOHA)
Source of classification or shelving scheme Dewey Decimal Classification
Koha item type Books
Holdings
Lost status Source of classification or shelving scheme Damaged status Not for loan Collection code Permanent Location Current Location Shelving location Date acquired Total Checkouts Full call number Date last seen Copy number Koha item type
  Dewey Decimal Classification   Not For Loan Non-fiction Central Library, University of Rajshahi Central Library, University of Rajshahi Reading Room 01/07/2025   U 297.3823 SHA 194? 01/07/2025 C-1 Books